Nové výzvy vo financiách podnikateľských subjektov zborník vedeckých statí Katedry podnikových financií

Bibliographic Details
Other Authors: Hyránek, Eduard, 1955- (Compiler), Nagy, Ladislav (Compiler)
Format: Book
Language:Slovak
German
PhysicalDescription:268 s. grafy, tab. 21 cm
Published: Bratislava Ekonóm 2015
ISBN:9788022541893
Subjects:

MARC

LEADER 00000cam a2200000 a 4500
001 vtls011495722
003 SK-MaSNL
005 20260301091811.0
008 220509s2015 xo da f 000 0 slo
015 |a SNBA2016/03 
020 |a 9788022541893  |q (brožované) 
035 |a urn:nbn:sk:snk-am00gk8e 
035 |a urn:nbn:sk:snk-am3j4ke 
035 |a B45DA67E-7AAA-4A20-9F4B-E2D610D2B5BA 
040 |a SNK  |b slo  |c SNK  |e AACR2 
041 0 |a slo  |a ger 
044 |a xo  |c SK 
072 7 |a 336.7  |x Financie  |2 konspekt 
080 |a 658.14/.17  |2 2011 
080 |a 336.76  |2 2001 
080 |a (082)  |2 2011 
245 0 0 |a Nové výzvy vo financiách podnikateľských subjektov  |b zborník vedeckých statí Katedry podnikových financií  |c [redakčné a zostaviteľské práce: Eduard Hyránek, Ladislav Nagy] 
260 |a Bratislava  |b Ekonóm  |c 2015 
300 |a 268 s.  |b grafy, tab.  |c 21 cm 
500 |a Projekt VEGA 
504 |a Bibliogr. odkazy 
546 |a Text nem. 
650 0 7 |a podnikové financie  |2 SNKPH  |9 4308 
650 0 7 |a finančné trhy  |2 SNKPH  |9 2275 
650 0 7 |a Business finance  |2 SNKPHeng  |9 302700 
650 0 7 |a Financial markets  |2 SNKPHeng  |9 267391 
655 7 |a zborníky  |2 SNKPH  |9 70165 
655 7 |a Papers of several authors  |2 SNKPHeng  |9 153738 
700 1 |a Hyránek, Eduard,  |d 1955-  |4 com  |4 red  |9 217062 
700 1 |a Nagy, Ladislav  |4 com  |4 red  |9 6373 
710 2 |a Ekonomická univerzita v Bratislave  |4 pbl  |9 78770 
919 |a 978-80-225-4189-3 
958 |a NB 
999 |c 672174  |d 674104 
952 |a SNK  |b SNK  |y PREZ  |7 0  |p 17A1180793  |o snkSC 168316  |i snk2016/4654  |8 0  |0 0  |1 0  |4 0  |d 2016-02-19  |f 1  |l 0  |r 2026-02-23 19:30:28  |w 2026-02-23 
952 |a SNK  |b SNK  |y VYP  |7 0  |p 17A1180794  |o snkSC 168316 D1  |i snk2016/4655  |8 0  |0 0  |1 0  |4 0  |d 2016-02-19  |l 0  |r 2026-02-23 19:30:28  |w 2026-02-23